Bolivia, 1825-1930 (Record no. 13436)

MARC details
000 -LEADER
campo de control de longitud fija 00996nam a2200289 i 4500
001 - NÚMERO DE CONTROL
campo de control 13436
003 - IDENTIFICADOR DE NÚMERO DE CONTROL
campo de control ES-MaACL
005 - FECHA Y HORA DE LA ÚLTIMA TRANSACCIÓN
campo de control 20230906150557.0
007 - CAMPO FIJO DE DESCRIPCIÓN FÍSICA--INFORMACIÓN GENERAL
campo de control de longitud fija t|
008 - DATOS DE LONGITUD FIJA--INFORMACIÓN GENERAL
campo de control de longitud fija 980316s1997 sp b |||| | spa d
080 ## - NÚMERO DE LA CLASIFICACIÓN DECIMAL UNIVERSAL
Número de la Clasificación Decimal Universal 015(84)"1825/1930"
080 ## - NÚMERO DE LA CLASIFICACIÓN DECIMAL UNIVERSAL
Número de la Clasificación Decimal Universal 32(84)"1825/1930":016
080 ## - NÚMERO DE LA CLASIFICACIÓN DECIMAL UNIVERSAL
Número de la Clasificación Decimal Universal 016:32(84)"1825/1930"
100 1# - ENTRADA PRINCIPAL--NOMBRE DE PERSONA
Nombre de persona Irurozqui Victoriano, Marta.
9 (RLIN) 65500
245 10 - MENCIÓN DEL TÍTULO
Título Bolivia, 1825-1930
Resto del título : un siglo de impresos políticos /
Mención de responsabilidad, etc. Marta Irurozqui Victoriano, Víctor Peralta Ruiz.
260 ## - PUBLICACIÓN, DISTRIBUCIÓN, ETC.
Lugar de publicación, distribución, etc. Madrid :
Nombre del editor, distribuidor, etc. Fundación Histórica Tavera,
Fecha de publicación, distribución, etc. 1997.
300 ## - DESCRIPCIÓN FÍSICA
Extensión 97 p. ;
Dimensiones 25 cm.
490 1# - MENCIÓN DE SERIE
Mención de serie Documentos Tavera ;
Designación de volumen o secuencia 4
650 14 - PUNTO DE ACCESO ADICIONAL DE MATERIA--TÉRMINO DE MATERIA
Término de materia o nombre geográfico como elemento de entrada Bibliografías bolivianas.
9 (RLIN) 170054
651 #4 - PUNTO DE ACCESO ADICIONAL DE MATERIA--NOMBRE GEOGRÁFICO
Nombre geográfico Bolivia-
Subdivisión general Historia-
Subdivisión de forma Bibliografías.
9 (RLIN) 170053
651 #4 - PUNTO DE ACCESO ADICIONAL DE MATERIA--NOMBRE GEOGRÁFICO
Nombre geográfico Bolivia-
Subdivisión general Política y gobierno.
9 (RLIN) 165623
700 1# - ENTRADA AGREGADA--NOMBRE PERSONAL
Nombre de persona Peralta Ruiz, Víctor.
9 (RLIN) 90390
710 2# - ENTRADA AGREGADA--NOMBRE DE ENTIDAD CORPORATIVA
Nombre de entidad corporativa o nombre de jurisdicción como elemento de entrada Fundación Histórica Tavera.
9 (RLIN) 4318
830 0# - PUNTO DE ACCESO ADICIONAL DE SERIE-TÍTULO UNIFORME
Título uniforme Documentos Tavera ;
Designación de volumen o secuencia 4
9 (RLIN) 179477
852 ## - LOCALIZACIÓN
Ubicación ES-MaACL
Número de control de estantería L-20681
Holdings
Estatus retirado Estado de pérdida Fuente del sistema de clasificación o colocación Estado de daño No para préstamo Colección Biblioteca de origen Biblioteca actual Ubicación en estantería Fecha de adquisición Total de préstamos Signatura topográfica completa Código de barras Visto por última vez Precio de reemplazo Tipo de ítem Koha
    Clasificación decimal universal     Biblioteca profesional Biblioteca del Ateneo de Madrid Biblioteca del Ateneo de Madrid Depósito 2 17/01/2008   L-20681 1013679 23/02/2023 23/02/2023 Libro impreso